Pferderassen - Statistiken

Allgemein
  • Dieses Quiz wurde 121 mal gespielt
  • Das Durchschnittsergebnis liegt bei 20 aus 193
Antwortstatistiken
Pferderasse % Korrekt
Haflinger
78%
Shetland Pony
64%
Andalusier
61%
Holsteiner
59%
Lipizzaner
58%
Deutsches Reitpony
56%
Hannoveraner
56%
Shire Horse
56%
Englisches Vollblut
48%
Islandpferd
47%
Oldenburger
47%
Tinker
45%
Falabella
42%
Appaloosa
36%
Fjordpferd
36%
Mustang
36%
Quarter Horse
36%
Noriker
34%
P.R.E
31%
Trakehner
28%
KWPN
25%
Deutsches Reitpferd
23%
Knabstrupper
23%
Paint Horse
23%
Przewalski
23%
Achal-Tekkiner
20%
Clydesdale
20%
Connemara Pony
20%
Welsh-C
20%
Anglo Araber
19%
Belgisches Kaltblut
19%
Berber
19%
Friesenpferd
19%
Belgisches Warmblut
17%
Palomino
17%
Deutsches Sportpferd
16%
Lewitzer
16%
Rheinländer
16%
Westfale
16%
Huzule
14%
Welsh-A
14%
Welsh-B
14%
Ardenner
13%
Curly Horse
13%
Dülmener Wildpferd
13%
Freiberger
13%
Welsh-D
13%
Gelderländer
11%
Österreichisches Warmblut
11%
Paso Fino
11%
Percheron
11%
Camargue Pferd
9%
Dartmoor Pferd
9%
Furioso
9%
Gotland-Pony
9%
Highland-Pony
9%
Konik
9%
Polnisches Warmblut
9%
Polo Pony
9%
Schwarzwälder Fuchs
9%
Selle Francais
9%
Altér Real
8%
Alt-Oldenburger
8%
American Miniature Horse
8%
American Saddlebred
8%
Dales Pony
8%
Dänisches Warmblut
8%
Exmoor Pony
8%
Lettisches Warmblut
8%
Maultier
8%
Mini Shetty
8%
Shagya Araber
8%
Ungarisches Sportpferd
8%
Württemberger
8%
Ägyptischer Araber
6%
Bayerisches Warmblut
6%
Bretone
6%
Cob
6%
Esel
6%
Jütländer
6%
Missouri Foxtrotter
6%
Niederländisches Kaltblut
6%
Paso Peruano
6%
Schwedisches Warmblut
6%
Vollblutaraber
6%
Aegidienberger
5%
Altwürttemberger
5%
Arabisches Halbblut
5%
Arabofriese
5%
Bosnisches Gebirgspferd
5%
Brandenburger Warmblut
5%
Classic Pony
5%
Deutscher Traber
5%
Fellpony
5%
Kathiawari
5%
Kladruber
5%
Mangalarga Marchador
5%
New Forest Pony
5%
Orlow Traber
5%
Quarter Pony
5%
Rocky Mountain Horse
5%
Tschechisches Warmblut
5%
American Indian Horse
3%
Araber-Berber
3%
Arasier
3%
Asil Araber
3%
Australian Stock Horse
3%
Baden-Württemberger
3%
Barockpinto
3%
Criollo Pferd
3%
Deutsches Classic Pony
3%
Frederiksborger
3%
Hessisches Warmblut
3%
Irish Sport Horse
3%
Leonharder
3%
Lusitanos
3%
Maremmano
3%
Mecklenburger Warmblut
3%
Menorquin
3%
Merens
3%
Morganhorse
3%
Moritzburger
3%
Murgese
3%
Norweger Pferd
3%
Paso Iberoamericano
3%
Pony of the Americas
3%
Pottok
3%
Quarab
3%
Rottaler
3%
Russisches Reitpferd
3%
Süddeutsches Kaltblut
3%
Tennessee Walking Horse
3%
Thüringer Warmblut
3%
Altmärkisches Kaltblut
2%
American Standardbred
2%
Arabisches Partbred
2%
Assateague-Pony
2%
Australisches Pony
2%
Azteca
2%
Boulonnais
2%
Britisches Warmblut
2%
Budjonny Pferd
2%
Campolina
2%
Cleveland Bay
2%
Colorado Ranger
2%
CSFR Warmblut
2%
Delibos
2%
Donpferde
2%
Drum-Horse
2%
Französischer Traber
2%
Hackney
2%
Hispano-Araber
2%
Kabardiner
2%
Karabagh
2%
Kinsky-Pferd
2%
Mingrelian
2%
Mongolen Pony
2%
Oldenburger Springpferd
2%
Ostfriese
2%
Pintos
2%
Portugiesisches Sportpferd
2%
Pura Raza Mallorquina
2%
Rhein.-Westf. Kaltblut
2%
Sächsisches Warmblut
2%
Schweizer Warmblut
2%
Schweres Warmblut
2%
Slowakisches Warmblut
2%
Spotted Saddle Horse
2%
Tarpan
2%
Tersker
2%
Tuigpaard
2%
Warlander
2%
Welsh-PB
2%
Zangersheider
2%
Zweibrücker
2%
Galiceno Pony
0%
Hackney-Pony
0%
Indianbred
0%
Karachai
0%
Kaspisches Kleinpferd
0%
Kisberer
0%
KMSH
0%
Sachsen-Anhaltiner
0%
Sächsisch Thüringisches Kaltblut
0%
Schlesier
0%
Schleswiger Pferd
0%
Schweike
0%
Senner Pferd
0%
Sorraia
0%
Suffolk
0%
Tori
0%
Ukrainer
0%
Žemaitukai
0%
Keine übereinstimmenden Quizze gefunden
Verteilung der Resultate
Anzahl Personen mit jedem Resultat
Perzentil nach korrekt beantworteten Fragen
Ihre Resultats-Entwicklung
Sie haben dieses Quiz noch nicht gespielt